000 00235nam a2200097Ia 4500
008 170619s9999 xx 000 0 und d
100 _aRajankar- S.O.
245 0 _aNetwork Synthesis and Filter Design
260 _bWiley-India
260 _c2011
546 _aENGLISH
999 _c20462
_d20462